| 000 | 01328nam a2200397 c 4500 | ||
|---|---|---|---|
| 001 | 15099 | ||
| 003 | ES-MaCES | ||
| 005 | 20141221122340.0 | ||
| 008 | 030612s2003 sp t 000 | spa d | ||
| 017 |
_aM 19181-2003 _bDL |
||
| 020 | _a849725452X | ||
| 035 | _aCES20030007423m | ||
| 040 |
_aES-MaCES _bspa _cES-MaCES |
||
| 100 | 1 |
_aMoya Escudero, Mercedes _919265 |
|
| 245 | 1 | 0 |
_aRégimen jurídico de los trabajadores extranjeros en España _cMercedes Moya Escudero y Ricardo Ruedca Valdivia |
| 250 | _a1ª ed | ||
| 260 |
_aLas Rozas (Madrid) _bLa Ley _c2003 |
||
| 300 |
_a335 p. _c24 cm |
||
| 490 | 1 | _aBiblioteca de práctica laboral | |
| 541 | _cCompra | ||
| 650 | 4 |
_atrabajador migrante _928408 |
|
| 650 | 4 |
_aextranjero _928630 |
|
| 650 | 4 |
_alibre circulación _929880 |
|
| 650 | 4 |
_acondiciones de trabajo _928327 |
|
| 650 | 4 |
_aderechos de los trabajadores _929924 |
|
| 650 | 4 |
_apermiso de trabajo _929013 |
|
| 650 | 4 |
_aequivalencia de certificados _929943 |
|
| 650 | 4 |
_aderecho del trabajo _927165 |
|
| 650 | 4 |
_arégimen jurídico _929894 |
|
| 653 | 1 | 0 | _aDerecho del trabajo y Seguridad Social |
| 700 | 1 |
_aRueda Valdivia, Ricardo _922797 |
|
| 830 | 0 |
_aBiblioteca de práctica laboral _933654 |
|
| 902 | _aLIB Libro | ||
| 942 |
_2CES _cBK _h6.0.1. |
||
| 999 |
_c15099 _d15099 |
||